Countries within 500km of Algeria - Statistics

General Stats
  • This quiz has been taken 40 times
  • The average score is 10 of 10
Answers on the Map
Answers color-coded by a green-red scale on the quiz's map according to % correct below.
 
Answer Stats
Answer % Correct
Libya
100%
Mali
100%
Mauritania
100%
Morocco
100%
Niger
100%
Tunisia
100%
Chad
97%
Spain
97%
Malta
92%
Italy
89%
No matching quizzes found
Score Distribution
Percent of People with Each Score
Percentile by Number Answered
Your Score History
You have not taken this quiz